නිශාචර රාත්‍රිය /

Saved in:
Bibliographic Details
Main Author: පෙරේරා , එස් . එච්
Format: Book
Language:English
Sinhalese
Published: මොරටුව : කර්තෘ 2021.
Subjects:
Tags: Add Tag
No Tags, Be the first to tag this record!

MARC

LEADER 00000nam a22000007a 4500
003 LK-ApPL
005 20260421105123.0
008 260421b |||||||| |||| 00| 0 eng d
020 |a 9789554462861 
040 |a LK-ApPL  |b sin  |d LK-ApPL 
041 |a sin 
082 |2 23  |a 891.483  |b පෙරේරා , 
100 |a පෙරේරා , එස් . එච්  
245 |a නිශාචර රාත්‍රිය /  |c  එස් . එච . පෙරේරා  
260 |a මොරටුව :  |b කර්තෘ  |c 2021. 
300 |a පි. 104 :  |c සෙ.මි.21 
650 0 |a නවකතා  
942 |c LBK 
999 |c 24365  |d 24365